Quantitative methods in geography: An introduction to spatial analysis (Record no. 27894)

MARC details
000 -LEADER
fixed length control field 00493nam a2200169Ia 4500
008 - FIXED-LENGTH DATA ELEMENTS--GENERAL INFORMATION
fixed length control field 230917s9999||||xx |||||||||||||| ||und||
020 ## - ISBN
Price RS1495
040 ## - CATALOGING SOURCE
-- 249557
Original cataloging agency VIVEKANANDA LIBRARY
041 ## - Language
-- English
082 ## - DDC NUMBER
Classification number 910.0182 T212Q
100 ## - MAIN ENTRY--PERSONAL NAME
Personal name Taylor, Peter J
245 #0 - TITLE STATEMENT
Title Quantitative methods in geography: An introduction to spatial analysis
260 ## - PUBLICATION, DISTRIBUTION, ETC. (IMPRINT)
Place of publication, distribution, etc Jaipur
Name of publisher, distributor, etc Rawat Publications
Date of publication, distribution, etc 2018
300 ## - PHYSICAL DESCRIPTION
Pages x, 386 p.
500 ## - GENERAL NOTE
General note 3243 10/08/2018 RK18/1162 28/08/2018 Main Budget
942 ## - ADDED ENTRY ELEMENTS (KOHA)
Koha item type Books
Holdings
Withdrawn status Lost status Damaged status Not for loan Location (home branch) Sublocation or collection (holding branch) Date acquired Koha issues (times borrowed) Koha full call number Accession No. Koha date last seen Koha item type Shelving location
        VIVEKANANDA LIBRARY VIVEKANANDA LIBRARY 20/09/2018   910.0182 T212Q 385007 17/09/2023 Books  
        VIVEKANANDA LIBRARY VIVEKANANDA LIBRARY 20/09/2018   910.0182 T212Q 385008 17/09/2023 Books Geography Department
        VIVEKANANDA LIBRARY VIVEKANANDA LIBRARY 20/09/2018   910.0182 T212Q 385009 17/09/2023 Books  
© Designed and Maintained by Vivekananda Library, MDU Rohtak